• 首页
  • 本馆介绍
  • 公告通知
  • 最新文献
  • 馆藏检索
  • 电子资源
  • 读者导购
  • 参考咨询
  • 我的图书馆
  • 登录
  • 详细信息显示
  • 放入我的书架
  • 预约/预借图书
  • 作者相关作品
  • 分类相关作品
  • 丛书相关作品
  • 出版社相关作品

书目信息

  • 表格格式
  • 工作单格式
  • 卡片格式
题名:
基督教与圣经
    
 
作者: 郝澎 编著
分册:  
出版信息: 海口   南海出版公司  2005
页数: 273页
开本: 23cm
丛书名:
单 册:
中图分类: H319.4:B
科图分类:
主题词: 英语--汉语--对照读物 , 圣经--基本知识 , 英语 , 基督教--基本知识 , 基督教 , 圣经 , 汉语
电子资源:
ISBN: 7-5442-3099-6
000 00885nam0 2200301 450
001 002907237
005 20061109094638.70
010    @a7-5442-3099-6@dCNY33.00
100    @a20050119d2005 em y0chiy0110 ea
101 0  @achi@aeng
102    @aCN@b460000
105    @aa z 000yy
200 1  @a基督教与圣经@9ji du jiao yu sheng jing@e英汉对照@f郝澎编著
210    @a海口@c南海出版公司@d2005
215    @a273页@c图@d23cm
330    @a本书第一大部分介绍基督教起源、发展、各主要教派以及基督教圣徒等;第二大部分介绍《圣经》。
510 1  @aChristianity & the Bible@zeng
606 0  @a英语@x汉语@j对照读物
606 0  @a圣经@x基本知识
606 0  @a英语
606 0  @a基督教@x基本知识
606 0  @a基督教
606 0  @a圣经
606 0  @a汉语
690    @aH319.4:B@v4
701  0 @a郝澎@9hao peng@f(1950~)@4编著
801  0 @aCN@bNLC@c20061109
905    @a10447@dH319.4:B@e1023
    
    基督教与圣经:英汉对照/郝澎编著.-海口:南海出版公司,2005
    273页:图;23cm
    
    
    ISBN 7-5442-3099-6:CNY33.00
    本书第一大部分介绍基督教起源、发展、各主要教派以及基督教圣徒等;第二大部分介绍《圣经》。
●
相关链接 在E读中查询图书 在五车中查询图书 在当当中查询图书 在豆瓣中查询图书


正题名:基督教与圣经     索取号:H319.4:B/1023         预约/预借

序号 登录号 条形码 馆藏地/架位号 状态 备注
1 0385219   203852198   第二样本阅览室/ [索取号:H319.4:B/1023] 在馆    
2 0385220   203852205   第四借阅区/ [索取号:H319.4:B/1023] 在馆    
3 0385221   203852214   第四借阅区/ [索取号:H319.4:B/1023] 在馆    
4 0385222   203852223   第四借阅区/ [索取号:H319.4:B/1023] 在馆    
5 0385223   203852232   第四借阅区/ [索取号:H319.4:B/1023] 在馆    
唐山师范学院图书馆 欢迎您!
大连网信软件有限公司© 版权所有